Statistics for Country With Most Tittle in All England

Click here to take the quiz!

General Stats

  • This quiz has been taken 7 times
  • The average score is 6 of 10

Answer Stats

TitleCountry% Correct
194England
100%
18,5United States of America
86%
85China
71%
20Ireland
71%
22Japan
71%
48Indonesia
57%
27Malaysia
43%
35South Korea
43%
88Denmark
29%
6,5Sweden
29%

Score Distribution

Percentile by Number Answered

Percent of People with Each Score

Your Score History

You have not taken this quiz